| 000 | 00805nam a2200205Ia 4500 | ||
|---|---|---|---|
| 001 | 16103 | ||
| 003 | GE_BSU | ||
| 008 | 181216s||||||||xx |||||||||||||| ||und|| | ||
| 040 | _cGE_BSU | ||
| 080 | _a1(479.22) | ||
| 100 | _aრედ. სერგი ავალიანი. სარედ. კოლეგია ასათიანი გურამ, ბარამიძე გ. ბრეგაძე ა. | ||
| 245 | _aფილოსოფიური ძიებანი(კრებული მეთერთმეტე) | ||
| 245 | _bPhilosophical investigations | ||
| 260 | _aთბილისი | ||
| 260 | _bუნივერსალი | ||
| 260 | _c2007 | ||
| 300 | _a355გვ.20სმ. | ||
| 653 | _aფილოსოფიური ძიებანი | ||
| 942 | _cBK | ||
| 999 |
_c49192 _d49192 |
||